Etc etc um livro 100 brasileiro /
Guardado en:
| Hovedforfatter: | |
|---|---|
| Format: | Ukendt |
| Sprog: | Portuguese |
| Udgivet: |
Sao Paulo Brasil:
Perspectiva,
1976
|
| Serier: | Debates, Literatura
110 |
| Fag: | |
| Tags: |
Tilføj Tag
Ingen Tags, Vær først til at tagge denne postø!
|
MARC
| LEADER | 000000000a22000000004500 | ||
|---|---|---|---|
| 001 | 001075 | ||
| 008 | 170622s1976 bl ||||| |||| 00| 0 por d | ||
| 040 | |a CIICLA - UCR | ||
| 041 | 0 | |a portugues | |
| 082 | |a 841.912 |b C395e | ||
| 100 | 1 | |a Cendrars, Blaise | |
| 245 | 1 | 0 | |a Etc etc um livro 100 brasileiro / |c Blaise Cendrars |
| 260 | |a Sao Paulo Brasil: |b Perspectiva, |c 1976 | ||
| 300 | |a 212 páginas : |b ilustraciones. | ||
| 490 | 1 | |a Debates, Literatura |v 110 | |
| 500 | |a Número de inscripción 11942 (Colección George Yúdice) | ||
| 650 | 4 | |a CENDRARS, BLAISE, 1887-1961 --TRADUCCIONES AL PORTUGUES | |
| 650 | 4 | |a BRASIL | |
| 650 | 4 | |a COLECCIONES LITERARIAS | |
| 942 | |2 ddc |c BK | ||
| 999 | |c 2193 |d 2193 | ||
